banner-ar

Islam : (Record no. 60733)

MARC details
000 -الفاتح
حقل البيانات ثابتة الطول 00645nam a22002057a 4500
005 - وقت وتاريخ اخر تعامل مع التسجيلة
رقم الضبط 20240530110425.0
008 - عناصر البيانات ثابتة الطول - معلومات عامة
حقل البيانات ثابتة الطول 150322s2009 -hkapo f b 001 0 eng d
020 ## - الرقم الدولى المعيارى للكتب
الرقم الدولى المعيارى للكتاب 9783836510592
040 ## - مصدر الفهرسة
وكالة الفهرسة الأصلية EG-CaGPL
وكالة النسخ EG-CaGPL
082 04 - رقم تصنيف ديوى العشرى
رقم الطبعة 21
رقم التصنيف 723.3\
رقم المادة S I
100 1# - المدخل الرئيسى - إسم شخصى
الإسم الشخصى Stierlin, Henri.
245 10 - بيان العنوان
العنوان Islam :
بقية العنوان From Baghdad to Cordoba : Early Architecture from the 7th to the 13th Century /
بيان المسئوليه,etc Henri Stierlin; Anne Stierlin.
260 ## - PUBLICATION, DISTRIBUTION, ETC. (IMPRINT)
تاريخ النشر أو التوزيع c2009.
300 ## - الوصف المادى
التعداد 224 p.:
تفاصيل ماديه اخرى للوعاء ill.(color);
أبعاد الوعاء 31 cm.
650 #0 - المدخل الاضافى بالموضوع-مصطلح موضوعى
مصطلح موضوعي Islamic architecture.
650 #0 - المدخل الاضافى بالموضوع-مصطلح موضوعى
مصطلح موضوعي Architecture, Medieval.
700 1# - المدخل الاضافى - اسم شخصى
الإسم الشخصى Stierlin, Anne.
942 ## - عناصر المدخل الإضافي( كوها)
مصدر التصنيف او مخطط الترفيف Dewey Decimal Classification
Koha [default] item type كتاب
260 ## - PUBLICATION, DISTRIBUTION, ETC. (IMPRINT)
-- Hong Kong:
-- Taschen,
Holdings
حالة التراجع حالة الفقد مصدر التصنيف او خطة الترفيف حالة تلف ليس للاعارة المكان المؤقت الموقع الحالى تاريخ الاكتساب اجمالي اﻻعارات رقم الطلب الباركود تاريخ اخر مشاهدة تاريخ تفعيل السعر نوع وعاء كوها
    ddc     مكتبة القاهرة الكبرى مكتبة القاهرة الكبرى 03/22/2015   723.3\ S I 159841 03/22/2015 03/22/2015 كتاب

Powered By

EGPV